Des choux et des reines (Notice n° 18857)
[ affichage normal ]
| 000 -LEADER | |
|---|---|
| fixed length control field | 01314nam a2200289 i 4500 |
| 001 - CONTROL NUMBER | |
| control field | 0008149115 |
| 003 - CONTROL NUMBER IDENTIFIER | |
| control field | OSt |
| 005 - DATE AND TIME OF LATEST TRANSACTION | |
| control field | 20260528195902.0 |
| 008 - FIXED-LENGTH DATA ELEMENTS--GENERAL INFORMATION | |
| fixed length control field | 260513 2026 fre |
| 020 ## - INTERNATIONAL STANDARD BOOK NUMBER | |
| International Standard Book Number | 9782226512499 |
| 040 ## - CATALOGING SOURCE | |
| Original cataloging agency | QMBND |
| Language of cataloging | fre |
| Description conventions | rda |
| Transcribing agency | QMBND |
| 082 ## - DEWEY DECIMAL CLASSIFICATION NUMBER | |
| Classification number | P 1887dce |
| 100 1# - MAIN ENTRY--PERSONAL NAME | |
| Personal name | Pancol, Katherine |
| 245 00 - TITLE STATEMENT | |
| Title | Des choux et des reines |
| 264 #1 - PRODUCTION, PUBLICATION, DISTRIBUTION, MANUFACTURE, AND COPYRIGHT NOTICE | |
| Name of producer, publisher, distributor, manufacturer | Albin Michel, |
| Date of production, publication, distribution, manufacture, or copyright notice | 2026 |
| 336 ## - CONTENT TYPE | |
| Content type term | texte |
| Content type code | txt |
| Source | rdacontent |
| 337 ## - MEDIA TYPE | |
| Media type term | sans mďiation |
| Media type code | n |
| Source | rdamedia |
| 338 ## - CARRIER TYPE | |
| Carrier type term | volume |
| Carrier type code | nc |
| Source | rdacarrier |
| 520 ## - SUMMARY, ETC. | |
| Summary, etc. | Sophie a sauté dans le premier train pour Rouen avec, pour seul bagage, son chien Sherlock. Elle s'est enfuie. Ce jour-là, son amant avait oublié de l'enfermer à double tour... |
| 942 ## - ADDED ENTRY ELEMENTS (KOHA) | |
| Source of classification or shelving scheme | Dewey Decimal Classification |
| Koha item type | Roman adulte |
| Withdrawn status | Lost status | Source of classification or shelving scheme | Damaged status | Not for loan | Home library | Current library | Date acquired | Total Checkouts | Full call number | Barcode | Date last seen | Price effective from | Koha item type |
|---|---|---|---|---|---|---|---|---|---|---|---|---|---|
| Dewey Decimal Classification | Bibliothèque municipale d'Henryville | Bibliothèque municipale d'Henryville | 2026-05-28 | P 1887dce | 30001030030250 | 2026-05-28 | 2026-05-28 | Roman adulte |